000 01351cam a22004571 4500
001 748252
003 OSt
005 20140310182040.0
008 721213s1952 nyua 000 0aeng
010 _a 52006355
040 _aDLC
_cDLC
_dDLC
041 1 _aengdut
043 _ae-ne---
050 1 0 _aD 810
_b.F828 1993
082 0 0 _aHS 940.53092
_bF85 1967
100 1 _aFrank, Anne,
_d1929-1945.
_911097
240 1 0 _aAchterhuis.
_lEnglish
245 1 4 _aThe diary of a young girl /
_bAnne Frank.
250 _a[1st ed.]
260 _aGarden City, N.Y.,
_bDoubleday,
_cc1993.
300 _a285 p. :
_bill.
_c18 cm.
600 1 0 _aFrank, Anne,
_d1929-1945
_xDiaries.
_911098
650 0 _aHolocaust, Jewish (1939-1945)
_zNetherlands
_zAmsterdam
_xPersonal narratives.
_911099
650 0 _aJewish girls
_zNetherlands
_zAmsterdam
_xDiaries.
_911100
650 0 _aJews
_xPersecutions
_zNetherlands
_zAmsterdam.
_911101
650 0 _aJews
_zNetherlands
_zAmsterdam
_xDiaries.
_911102
651 0 _aAmsterdam (Netherlands)
_xEthnic relations.
_911103
906 _a7
_bcbc
_corignew
_du
_eocip
_f19
_gy-gencatlg
942 _2lcc
_cHS
999 _c8775
_d8775